01326nam a2200277 a 450000100100000000500170001000800410002702000150006804000250008308200180010824501950012626000720032130000190039349000490041249000350046150400700049650500360056665100570060265100560065965100460071570000290076170000350079071001390082583000350096483000490099900000543220200929151657.0090819s1992 es 001 0 spa d a8400071573 aDO-SdBNPbspacBNPHU a985.03bR382h00aRelaciones histórico-geográficas de la audiencia de Quito :bsiglos XVI-XIX /cedición, estudio introductorio y transcripcion por Pilar Ponce Leiva; preámbulo de Francisco de Solano. aMadrid :bConsejo Superior de Investigaciones Científicas,c1992. a2 v. ;c24 cm.1 aV Centenario del Descubrimiento de América1 aTierra Nueva e Cielo Nuevov30 aIncluye referencias bibliográficas y notas al pie de páginas.0 gv.1: s.XVI --gv.2: s.XVII-XIX. 4aQuito (Ecuador{Rpara}xHistoriayHASTA 1809xFuentes 4aCabildo De Quito (Ecuador{Rpara}xHistoriaxFuentes 4aEcuadorxGeografía HistóricaxFuentes1 aPonce Leyva, Pilar,eed.1 aSolano, Francisco de,eintrod.2 aConsejo Superior de Investigaciones Científicas (España).bCentro de Estudios Históricos.bDepartamento de Historia de América 1aTierra Nueva e Cielo Nuevov30 1aV Centenario del Descubrimiento de América